César Manrique (Registro nro. 189022)

Detalles MARC
000 -LEADER
campo de control de longitud fija 00827nam a2200217 i 4500
001 - NÚMERO DE CONTROL
campo de control 189022
003 - IDENTIFICADOR DE NÚMERO DE CONTROL
campo de control ES-MaACL
005 - FECHA Y HORA DE LA ÚLTIMA TRANSACCIÓN
campo de control 20250728143827.0
008 - DATOS DE LONGITUD FIJA--INFORMACIÓN GENERAL
campo de control de longitud fija 190321s1989 sp a c |||| |dspa d
100 1# - ENTRADA PRINCIPAL--NOMBRE DE PERSONA
Nombre de persona Manrique, César.
9 (RLIN) 76094
245 10 - MENCIÓN DEL TÍTULO
Título César Manrique
Resto del título : [exposición] Galería Afinsa, febrero-marzo 1989 /
Mención de responsabilidad, etc. [textos, Carlos Edmundo de Ory, Rafael Alberti, Eduardo Westerdahl ... (et al.)].
260 ## - PUBLICACIÓN, DISTRIBUCIÓN, ETC.
Lugar de publicación, distribución, etc. Madrid :
Nombre del editor, distribuidor, etc. Galería Afinsa,
Fecha de publicación, distribución, etc. [1989]
300 ## - DESCRIPCIÓN FÍSICA
Extensión [41] p. :
Otras características físicas principalmente il. col. ;
Dimensiones 25 x 20 cm.
600 14 - PUNTO DE ACCESO ADICIONAL DE MATERIA--NOMBRE DE PERSONA
Nombre de persona Manrique, César-
Subdivisión general Exposiciones.
9 (RLIN) 76095
655 #7 - TERMINO DE INDIZACIÓN--GENERO/FORMA
Fuente del término tgfbne
9 (RLIN) 193628
Datos o término principal de género/forma Catálogos de exposiciones
700 0# - ENTRADA AGREGADA--NOMBRE PERSONAL
Nombre de persona Ory, Carlos Edmundo de,
Fechas asociadas al nombre 1923-2010
9 (RLIN) 87706
710 2# - ENTRADA AGREGADA--NOMBRE DE ENTIDAD CORPORATIVA
Nombre de entidad corporativa o nombre de jurisdicción como elemento de entrada Galería Afinsa.
9 (RLIN) 166635
852 ## - LOCALIZACIÓN
Ubicación ES-MaACL
Número de control de estantería 1722-F-16
942 ## - ELEMENTOS DE ENTRADA SECUNDARIOS (KOHA)
Fuente del sistema de clasificación o colocación Clasificación decimal universal
Existencias
Estatus retirado Estado de pérdida Estado de daño No para préstamo Colección Biblioteca de origen Biblioteca actual Ubicación en estantería Fecha de adquisición Fuente de adquisición Total de préstamos Signatura topográfica completa Código de barras Visto por última vez Precio de reemplazo Tipo de ítem Koha
        Colección de folletos Biblioteca del Ateneo de Madrid Biblioteca del Ateneo de Madrid Depósito folletos 21/03/2019     1722-F-16 1200190 23/02/2023 23/02/2023 Folleto